Research recommendations (Record no. 166026)
[ view plain ]
| 000 -LEADER | |
|---|---|
| fixed length control field | 01512nam a2200325 a 4500 |
| 245 00 - TITLE STATEMENT | |
| Title | Research recommendations |
| 260 ## - PUBLICATION, DISTRIBUTION, ETC. (IMPRINT) | |
| Place of publication | Washington, D. C. : |
| Name of publisher | National Academy Press, |
| Year of publication | 1994. |
| 300 ## - PHYSICAL DESCRIPTION | |
| Number of Pages | xii, 71 p. |
| 500 ## - GENERAL NOTE | |
| General note | "Support for this project was provided by the Department of Energy (Grant No. DE-FG02-93ER25161)"--t.p. verso. |
| General note | "B-498"--t.p. verso. |
| General note | Robert Kraut, chair--p. iii. |
| 650 #0 - SUBJECT ADDED ENTRY--TOPICAL TERM | |
| Topical Term | Telecommuting. |
| Topical Term | Teams in the workplace. |
| 700 1# - ADDED ENTRY--PERSONAL NAME | |
| Personal name | Kraut, Robert E. |
| 856 40 - ELECTRONIC LOCATION AND ACCESS | |
| Uniform Resource Identifier | http://site.ebrary.com/lib/rucke/Doc?id=10055161 |
No items available.
